000 00900nam a22002897a 4500
001 BR9903117
003 BR-BrBNA
005 20230928100336.0
007 ta
008 230509b bl.||||| |||| 00| 0 por d
040 _aBR-BrBNA
_bpor
_cBiblioteca Nacional de Agricultura
041 _a(Por)
072 _aE14
090 _ E14 BR9903117
110 1 _aSociedade Nacional de Agricultura, Rio de janeiro, RJ (Brasil)
111 1 _a1. Congresso de Agribusiness do Estado do Rio de Janeiro
_cRio de Janeiro, RJ (Brazil)
_d2-4 Dec 1998
245 1 _aAnais do 1. Congresso Agribusiness do Rio de Janeiro
260 3 _aRio de janeiro, RJ (Brasil):
_c1999.
300 _a199 p.
500 _atables; illus.
650 _aAgribusiness
650 _aEconomia da Producao
650 _aCrescimento Economico
650 _aRio de Janeiro
909 _a202309
_bLucia
_c55
_dLucia Elande
942 _cBK
999 _c60996
_d60996